Mario Charaktere - Statistiken

Allgemein
  • Dieses Quiz wurde 2.891 mal gespielt
  • Das Durchschnittsergebnis liegt bei 12 aus 16
Antwortstatistiken
Bildquiz Antwort % Korrekt
Peach
99%
Bowser
97%
Donkey Kong
94%
Yoshi
94%
Waluigi
92%
Daisy
90%
Toadette
79%
Knochentrocken
77%
Shy Guy
75%
Rosalina
71%
Koopa
67%
Birdo
49%
Lakitu
47%
Wiggler
47%
König Buu Huu
45%
Kamek
44%
Keine übereinstimmenden Quizze gefunden
Verteilung der Resultate
Anzahl Personen mit jedem Resultat
Perzentil nach korrekt beantworteten Fragen
Ihre Resultats-Entwicklung
Sie haben dieses Quiz noch nicht gespielt